Deceptive distinctions : sex, gender, and the social order
Saved in:
| Main Author: | |
|---|---|
| Format: | Book |
| Language: | English |
| Published: |
New Haven :
Yale University Press,
c1988
|
| Subjects: | |
| Tags: |
Add Tag
No Tags, Be the first to tag this record!
|
MARC
| LEADER | 00000nam a2200000 i 4500 | ||
|---|---|---|---|
| 001 | 1/40349 | ||
| 008 | 070125s1988 eng d | ||
| 020 | |a 0-300-04694-4 | ||
| 035 | |l 10086813 | ||
| 040 | |a GR-MY-UA |b gre |e aacr | ||
| 041 | 0 | |a eng | |
| 082 | 0 | |a 305.3 |2 (22) | |
| 100 | 1 | |a Epstein, Cynthia Fuchs. | |
| 245 | 1 | 0 | |a Deceptive distinctions : |b sex, gender, and the social order / |c Cynthia Fuchs Epstein |
| 260 | |a New Haven : |b Yale University Press, |c c1988 | ||
| 300 | |a xv, 300 σ.; |c 23 εκ. | ||
| 504 | |a Βιβλιογραφία: σ. 241-289.Ευρετήριο | ||
| 650 | 0 | 0 | |a Sex role |z United States. |
| 650 | 0 | 0 | |a Sexism |z United States. |
| 650 | 0 | 0 | |a Sex differences (Psychology) |
| 650 | 0 | 0 | |a Social structure |z United States. |
| 852 | |a INST |b RHODES |e 20070125 |h 305.3 EPS |p 005400027057 |q 005400027057 |t BK |y 0 | ||
| 901 | |a BIBL4-2007-1 | ||
| 909 | |a Ρ |b 127664 | ||
| 920 | |a ΚΕΝΤΡΙΚΗ ΔΡΑΣΗ ΦΥΛΟΥ |b ΕΠΕΑΕΚ ΙΙ - ΤΕΠΑΕΣ |y ΡΟΔΟΣ |z 2007-01 | ||
| 970 | |a ΜΙΣΣΟΣ |b ΣΤΑΥΡΟΣ |z 2007/01/25 | ||